000 00854nam a2200229 i 4500
001 9758
003 ES-MaACL
005 20250824061507.0
007 t|
008 940104s1989 pr ||||1| spa d
080 _a86.0(729.5).09-2"19"
100 1 _aRamos-Perea, Roberto.
_995345
245 1 0 _aPerspectiva de la nueva dramaturgia puertorriqueña
_b: ensayos sobre el nuevo teatro nacional /
_cRoberto Ramos-Perea.
260 _aSan Juan, Puerto Rico :
_bAteneo Puertorriqueño,
_c1989.
300 _a93 p. ;
_c22 cm.
490 1 _aCuadernos del Ateneo. Serie de teatro ;
_v1
650 7 _aTeatro puertorriqueño
_2embne
_917385
710 2 _aAteneo Puertorriqueño
_92054
830 0 0 _aCuadernos del Ateneo.
_pSerie de teatro (Ateneo Puertorriqueño)
_v1
_9178597
852 _aES-MaACL
_j2148-F-12
_bR.120497
999 _c9758
_d9758